Statistics for Which Country - Multiple Choice #3

Click here to take the quiz!

General Stats

  • This quiz has been taken 179 times
  • The average score is 6 of 15

Answer Stats

QuestionAnswer% Correct
In which country are you not allowed to carry gum with yourself?Singapore
68%
Which one of these is not a top 3 tea producer?Turkey
57%
Which one of these countries is not a member of BRICS?South Korea
56%
Which country was the most recent one to join NATO?Montenegro
56%
Which one of these countries was never under British rule?Liberia
49%
What is the only southeast Asian country that is not a member of ASEAN?East Timor
49%
Which one of these countries has never qualified for the Cricket World Cup?Japan
46%
Which one of these countries is an Islamic republic?Pakistan
34%
Which country has been rated as the most corrupt one?North Korea
33%
After India, which country produces the most number of movies?Nigeria
32%
Which country that is wholly in Europe has the largest water area?Sweden
29%
Which one of these countries does not border the Andaman Sea?Bangladesh
21%
Which country has the most wins in Speedway World Cup?Poland
16%
In which country is the largest lake that is surrounded only by one country?United States
13%
In which one of these countries has the oldest oil painting been found?Afghanistan
11%

Score Distribution

Percentile by Number Answered

Percent of People with Each Score

Your Score History

You have not taken this quiz